[Event "Mantova Province-ch"]
[Site "Mantova"]
[Date "2008.01.18"]
[Round "1"]
[White "Buccella, Francescantonio"]
[Black "Tamburini, Giovanni"]
[Result "1-0"]
[WhiteElo "1638"]
[BlackElo "1473"]
[PlyCount "101"]
[EventDate "2008.01.18"]
[EventType "swiss"]
[EventRounds "4"]
[EventCountry "ITA"]
[SourceTitle "EXT 2010"]
[Source "ChessBase"]
[SourceDate "2010.11.25"]
[SourceVersion "1"]
[SourceVersionDate "2010.11.25"]
[SourceQuality "1"]

1. e4 e5 2. Bc4 Nf6 3. Nc3 Nc6 4. Nf3 Be7 5. 0-0 0-0 6. d4 d6 7. d5 Nb8 8. h3 Nbd7 9. Nh2 Nc5 10. Qe2 Bd7 11. b4 Na6 12. Bxa6 bxa6 13. Qxa6 Qb8 14. a3 Bc8 15. Qe2 a5 16. b5 Re8 17. f4 Qb6+ 18. Be3 Qb8 19. fxe5 dxe5 20. Nf3 Bd6 21. Ng5 h6 22. Nf3 Bd7 23. Nd2 Be7 24. Rf3 Qd8 25. Raf1 Rc8 26. Rg3 Bf8 27. Bxh6 g6 28. Bg5 Bg7 29. Qf2 c6 30. bxc6 Bxc6 31. dxc6 Rxc6 32. Nd5 Ree6 33. Rd3 Qd6 34. Nxf6+ Bxf6 35. Rxd6 Rexd6 36. Bxf6 Rxf6 37. Qxf6 Rxf6 38. Rxf6 Kg7 39. Ra6 f5 40. Rxa5 Kf6 41. c4 Ke6 42. c5 Kd7 43. Ra6 Ke7 44. Rxg6 fxe4 45. Nxe4 Kd7 46. h4 Ke7 47. c6 Kf7 48. h5 Ke7 49. Rg7+ Kf8 50. h6 Ke8 51. h7 1-0

[Event "Porto Sant Elpidio op-B 10th"]
[Site "Porto Sant Elpidio"]
[Date "2007.12.01"]
[Round "4"]
[White "Tamburini, Giovanni"]
[Black "Marinucci, Johnny"]
[Result "0-1"]
[WhiteElo "1464"]
[BlackElo "1655"]
[PlyCount "98"]
[EventDate "2007.11.24"]
[EventType "swiss"]
[EventRounds "6"]
[EventCountry "ITA"]
[SourceTitle "EXT 2010"]
[Source "ChessBase"]
[SourceDate "2010.11.25"]
[SourceVersion "1"]
[SourceVersionDate "2010.11.25"]
[SourceQuality "1"]

1. c4 e5 2. Nc3 Nc6 3. g3 g6 4. Bg2 Bg7 5. d3 Nf6 6. Nf3 0-0 7. 0-0 h6 8. h3 d6 9. Rb1 a5 10. a3 g5 11. g4 Nh7 12. e4 Ne7 13. Be3 Ng6 14. Ne2 Nf4 15. Nxf4 gxf4 16. Bd2 Ng5 17. Nh4 Nxh3+ 18. Bxh3 Qxh4 19. Kg2 h5 20. Rh1 Bxg4 21. Bxg4 Qxg4+ 22. Qxg4 hxg4 23. Rh4 f5 24. exf5 Rxf5 25. Rxg4 Rh5 26. Rg1 Kf7 27. Kf3 Bf6 28. d4 a4 29. d5 Rah8 30. Ba5 b6 31. Bc3 Rh4 32. R4g2 Rh1 33. Ke4 Rxg1 34. Rxg1 Rh2 35. f3 Bh4 36. Kf5 Bg3 37. Kg5 Rh7 38. Kf5 Rh5+ 39. Ke4 Kf6 40. Kd3 Rh2 41. Rf1 Kg5 42. Bd2 Kh4 43. Kc3 Kh3 44. Kb4 Rxd2 45. Kb5 Kg2 46. Rb1 Kxf3 47. Kc6 Ke2 48. Kxc7 Be1 49. Kxd6 f3 0-1